[Event "Mallorca-chT Preferente"]
[Site "Mallorca"]
[Date "2021.03.27"]
[Round "4"]
[White "Altarriba Gracia, Sergio"]
[Black "Bergas Ferriol, Jeronimo"]
[Result "1-0"]
[WhiteElo "1993"]
[BlackElo "1966"]
[PlyCount "117"]
[EventDate "2021.03.06"]
[EventType "team-swiss"]
[EventRounds "7"]
[EventCountry "ESP"]
[SourceTitle "EXT 2023"]
[Source "ChessBase"]
[SourceDate "2022.10.05"]
[SourceVersion "1"]
[SourceVersionDate "2022.10.05"]
[SourceQuality "1"]
[WhiteTeam "Mallorca Isolani"]
[BlackTeam "Maria Salut"]
[WhiteTeamCountry "ESP"]
[BlackTeamCountry "ESP"]

1. e4 c5 2. Nf3 d6 3. d4 cxd4 4. Nxd4 Nf6 5. Nc3 a6 6. a3 Nc6 7. Be2 e5 8. Nb3 Be7 9. 0-0 0-0 10. Be3 Be6 11. f3 b5 12. Qe1 Rc8 13. Qf2 Nd7 14. Rfd1 Na5 15. Nxa5 Qxa5 16. Rac1 Qc7 17. Nd5 Bxd5 18. Rxd5 Qb7 19. c3 Nf6 20. Rdd1 d5 21. exd5 Nxd5 22. Kh1 Rfd8 23. Bd3 g6 24. g4 Nxe3 25. Qxe3 Bg5 26. Qxg5 Qxf3+ 27. Kg1 Rxd3 28. Rxd3 Qxd3 29. Rf1 Re8 30. Qf6 Qd7 31. h3 Re6 32. Qf3 Qa7+ 33. Kh2 e4 34. Qf4 Kg7 35. g5 Qe7 36. h4 Re5 37. Kg3 Rf5 38. Qc1 Qe5+ 39. Kg2 e3 40. Qe1 Qe4+ 41. Kg3 h5 42. gxh6+ Kxh6 43. Qe2 Qe5+ 44. Kg2 Rxf1 45. Qxf1 Qe4+ 46. Qf3 Qc2+ 47. Kg3 Qd2 48. Qf6 Qe1+ 49. Kg2 Qf2+ 50. Qxf2 exf2 51. Kxf2 Kh5 52. a4 Kxh4 53. Kf1 Kg5 54. axb5 axb5 55. b4 Kg4 56. c4 bxc4 57. b5 Kf3 58. Ke1 c3 59. Kd1 1-0

[Event "Mallorca-chT Preferente"]
[Site "Mallorca"]
[Date "2021.03.06"]
[Round "1"]
[White "Juan Lepp, Jaime Boris"]
[Black "Bergas Ferriol, Jeronimo"]
[Result "1/2-1/2"]
[WhiteElo "1900"]
[BlackElo "1966"]
[PlyCount "69"]
[EventDate "2021.03.06"]
[EventType "team-swiss"]
[EventRounds "7"]
[EventCountry "ESP"]
[SourceTitle "EXT 2023"]
[Source "ChessBase"]
[SourceDate "2022.10.05"]
[SourceVersion "1"]
[SourceVersionDate "2022.10.05"]
[SourceQuality "1"]
[WhiteTeam "Binissalem"]
[BlackTeam "Maria Salut"]
[WhiteTeamCountry "ESP"]
[BlackTeamCountry "ESP"]

1. e4 c5 2. d4 cxd4 3. c3 e5 4. Nf3 Nc6 5. Bc4 Nf6 6. Ng5 d5 7. exd5 Na5 8. Bb5+ Bd7 9. Qa4 a6 10. Bxd7+ Nxd7 11. 0-0 Be7 12. Nf3 b5 13. Qd1 dxc3 14. Nxc3 Nc4 15. b3 Nd6 16. Bb2 0-0 17. Qe2 f6 18. Rfe1 Re8 19. Rad1 Nf8 20. Ne4 Rc8 21. Nxd6 Bxd6 22. Qe4 Qd7 23. Rc1 f5 24. Qb1 Ng6 25. Rxc8 Qxc8 26. Rc1 Qd7 27. Qc2 Rd8 28. Qc6 Nf4 29. Qxd7 Rxd7 30. Rc8+ Kf7 31. Bxe5 Nxd5 32. h3 Nb4 33. a4 bxa4 34. bxa4 Nd3 35. Bxd6 1/2-1/2

[Event "Mallorca-chT Preferente"]
[Site "Palma de Mallorca"]
[Date "2012.02.25"]
[Round "4.1"]
[White "Bergas Ferriol, Jeronimo"]
[Black "Mascaro March, Pedro"]
[Result "0-1"]
[WhiteElo "2044"]
[BlackElo "2402"]
[PlyCount "110"]
[EventDate "2012.01.28"]
[EventType "team"]
[EventRounds "9"]
[EventCountry "ESP"]
[SourceTitle "EXT 2014"]
[Source "ChessBase"]
[SourceDate "2013.11.20"]
[SourceVersion "1"]
[SourceVersionDate "2013.11.20"]
[SourceQuality "1"]
[WhiteTeam "Maria Salut"]
[BlackTeam "Binissalem"]
[WhiteTeamCountry "ESP"]
[BlackTeamCountry "ESP"]

1. d4 Nf6 2. Nf3 d5 3. g3 c6 4. Bg2 Bf5 5. 0-0 e6 6. c4 Nbd7 7. b3 Be7 8. Nbd2 Ne4 9. Bb2 0-0 10. Nxe4 Bxe4 11. Nd2 Bxg2 12. Kxg2 f5 13. Qc2 Qe8 14. Rae1 Qh5 15. Nf3 Bd6 16. a3 Rf6 17. Rh1 f4 18. Reg1 Re8 19. Kf1 Qf5 20. Qxf5 exf5 21. Bc1 fxg3 22. hxg3 Rfe6 23. e3 Nf6 24. Rh3 Ne4 25. Rgh1 h6 26. Rh5 Rf6 27. Bb2 Nxg3+ 28. fxg3 Rxe3 29. Ne5 Rxb3 30. R1h2 Rxg3 31. cxd5 cxd5 32. Rc2 Kh7 33. Kf2 Bxe5 34. dxe5 Rfg6 35. Rh2 f4 36. Bc1 Rc6 37. Rxc6 bxc6 38. Bxf4 Rxa3 39. Rh1 Kg6 40. Re1 Ra4 41. Bg3 Re4 42. Ra1 Kf5 43. Rxa7 g5 44. Rf7+ Kg4 45. Rf6 h5 46. Rxc6 h4 47. Bh2 Kh3 48. Bg1 Rf4+ 49. Ke3 Kg2 50. Rg6 Re4+ 51. Kd3 g4 52. Bc5 h3 53. e6 h2 54. e7 h1Q 55. Rxg4+ Rxg4 0-1

[Event "Palma de Mallorca op 4th"]
[Site "Palma de Mallorca"]
[Date "2009.11.25"]
[Round "6"]
[White "Sorell Nicolau, Pau"]
[Black "Bergas Ferriol, Jeronimo"]
[Result "1/2-1/2"]
[WhiteElo "1831"]
[BlackElo "2053"]
[PlyCount "46"]
[EventDate "2009.11.21"]
[EventType "swiss"]
[EventRounds "9"]
[EventCountry "ESP"]
[SourceTitle "EXT 2011"]
[Source "ChessBase"]
[SourceDate "2010.11.26"]
[SourceVersion "1"]
[SourceVersionDate "2010.11.26"]
[SourceQuality "1"]

1. e4 c5 2. Bc4 Nc6 3. a3 e6 4. Nc3 Nf6 5. d3 d5 6. exd5 Nxd5 7. Nxd5 exd5 8. Ba2 Be6 9. Nf3 Be7 10. Bf4 0-0 11. Qd2 b5 12. 0-0 Bg4 13. Ne5 Nxe5 14. Bxe5 Bg5 15. Qc3 f6 16. Bg3 c4 17. dxc4 Be2 18. cxd5 Bxf1 19. Rxf1 f5 20. Bc7 Qd7 21. d6+ Kh8 22. Bd5 Bf6 23. Qc5 f4 1/2-1/2

[Event "Palma de Mallorca op 4th"]
[Site "Palma de Mallorca"]
[Date "2009.11.21"]
[Round "1"]
[White "Bergas Ferriol, Jeronimo"]
[Black "Bykhovsky, Anatoly"]
[Result "0-1"]
[WhiteElo "2053"]
[BlackElo "2488"]
[PlyCount "70"]
[EventDate "2009.11.21"]
[EventType "swiss"]
[EventRounds "9"]
[EventCountry "ESP"]
[SourceTitle "EXT 2011"]
[Source "ChessBase"]
[SourceDate "2010.11.26"]
[SourceVersion "1"]
[SourceVersionDate "2010.11.26"]
[SourceQuality "1"]

1. c4 e5 2. Nc3 Nf6 3. g3 Bb4 4. Bg2 0-0 5. Nf3 Re8 6. 0-0 c6 7. Qb3 Bf8 8. e4 Na6 9. d4 d6 10. Rd1 Qc7 11. h3 Be6 12. d5 cxd5 13. cxd5 Bd7 14. Be3 Qc8 15. Kh2 Nc5 16. Bxc5 Qxc5 17. Kg1 b5 18. Ne1 a5 19. Rdc1 Reb8 20. Ne2 Qa7 21. g4 Be7 22. Qf3 g6 23. Kh2 h5 24. gxh5 Nxh5 25. Nd3 Bg5 26. Rg1 Bh6 27. Bh1 Ng7 28. Rg3 b4 29. Rag1 Bb5 30. Qg4 Bxd3 31. Rxd3 Qxf2+ 32. Rg2 Qf6 33. Rf3 Qe7 34. h4 Kh7 35. Rgf2 Rf8 0-1

[Event "Mallorca-ch pref"]
[Site "Palma de Mallorca"]
[Date "2000.11.18"]
[Round "5"]
[White "Mascaro March, Pedro"]
[Black "Bergas Ferriol, Jeronimo"]
[Result "1-0"]
[WhiteElo "2353"]
[BlackElo "2131"]
[PlyCount "65"]
[EventDate "2000.??.??"]
[EventType "swiss"]
[EventRounds "8"]
[EventCountry "ESP"]
[SourceTitle "EXT 2003"]
[Source "ChessBase"]
[SourceDate "2002.11.25"]
[SourceVersion "1"]
[SourceVersionDate "2002.11.25"]
[SourceQuality "1"]

1. d4 d5 2. Nf3 c6 3. c4 Nf6 4. Nc3 a6 5. Bg5 Ne4 6. Bf4 Nxc3 7. bxc3 dxc4 8. e4 b5 9. a4 e6 10. Be2 Bb7 11. Qb1 Nd7 12. Bxc4 Nb6 13. Bd3 Bd6 14. Bxd6 Qxd6 15. c4 Nxa4 16. Rxa4 bxa4 17. Qxb7 0-0 18. c5 Qf4 19. 0-0 g5 20. Qxc6 g4 21. Ne5 h5 22. Qxa4 h4 23. Qa1 Rfd8 24. c6 f6 25. Nd7 Kf7 26. d5 h3 27. dxe6+ Kxe6 28. Bc4+ Ke7 29. Rd1 Rh8 30. Nxf6 Kf8 31. Qa3+ Kg7 32. Qe7+ Kh6 33. Nxg4+ 1-0